|
|
|
|
| LEADER |
01266ppm a22002658a 4500 |
| 001 |
00044578 |
| 005 |
20190819130853.0 |
| 008 |
151204s2015 ||||||viesd |
| 041 |
0 |
# |
|a vie
|
| 082 |
1 |
4 |
|b R203L
|a 515
|
| 100 |
1 |
# |
|a Huỳnh, Quang Trạng
|
| 245 |
0 |
0 |
|a Rèn luyện năng lực vận dụng toán học vào thực tiễn trong quá trình dạy học Giải tích 12
|b Luận văn Thạc sĩ Khoa học giáo dục . Chuyên ngành: Lý luận và phương pháp dạy học bộ môn toán. Mã số: 8140111
|c Huỳnh Quang Trạng; Nguyễn Văn Hồng (hướng dẫn)
|
| 260 |
# |
# |
|a Đồng Tháp
|b Đại học Đồng Tháp
|c 2019
|
| 300 |
# |
# |
|a 103 tr.+ phụ lục
|c 30cm.
|e 1 bản tóm tắt
|
| 500 |
# |
# |
|a ĐTTS ghi: Bộ giáo dục và đào tạo. Trường Đại học Đồng Tháp
|
| 653 |
# |
# |
|a Giải tích 12
|
| 653 |
# |
# |
|a Toán học
|
| 653 |
# |
# |
|a Thực tiễn
|
| 653 |
# |
# |
|a Năng lực
|
| 653 |
# |
# |
|a Quá trình
|
| 653 |
# |
# |
|a Rèn luyện
|
| 700 |
1 |
# |
|a Nguyễn, Văn Hồng
|e Hướng dẫn
|
| 852 |
# |
# |
|j LV.0002257
|j LV.0002256
|
| 910 |
# |
# |
|d 19/8/2019
|
| 980 |
# |
# |
|a Trung tâm Học liệu Lê Vũ Hùng, Trường Đại học Đồng Tháp
|